Fast Typing - BOB - Statistics

General Stats
  • This quiz has been taken 638 times
    629 since last reset
  • The average score is 31 of 108
Answer Stats
BOB % Correct
B
100%
B
98%
O
98%
B
93%
B
92%
O
91%
B
89%
B
89%
O
88%
B
84%
B
81%
O
81%
B
79%
O
78%
B
77%
B
73%
B
70%
O
69%
B
65%
B
64%
O
64%
B
60%
O
58%
B
57%
B
54%
B
51%
O
51%
B
48%
B
45%
O
45%
B
41%
B
40%
O
39%
B
38%
B
36%
O
36%
B
32%
B
31%
O
30%
B
29%
B
27%
O
26%
B
25%
B
24%
O
23%
B
21%
B
21%
B
20%
O
20%
B
19%
O
19%
B
18%
B
18%
O
17%
B
16%
B
16%
O
15%
B
14%
B
13%
O
13%
B
12%
B
12%
O
11%
B
10%
B
9%
O
9%
B
8%
B
8%
B
7%
B
7%
O
7%
B
6%
O
6%
B
4%
B
4%
B
4%
B
4%
O
4%
O
4%
B
3%
B
3%
O
3%
B
2%
B
2%
O
2%
O
2%
B
1%
B
1%
B
1%
B
1%
B
1%
B
1%
B
1%
B
1%
O
1%
O
1%
O
1%
O
1%
B
0%
B
0%
B
0%
B
0%
B
0%
B
0%
B
0%
O
0%
O
0%
O
0%
No matching quizzes found
Score Distribution
Percent of People with Each Score
Percentile by Number Answered
Your Score History
You have not taken this quiz since the last reset